• 首页
  • 本馆介绍
  • 公告通知
  • 最新文献
  • 馆藏检索
  • 电子资源
  • 读者导购
  • 参考咨询
  • 我的图书馆
  • 登录
  • 详细信息显示
  • 放入我的书架
  • 预约/预借图书
  • 作者相关作品
  • 分类相关作品
  • 丛书相关作品
  • 出版社相关作品

书目信息

  • 表格格式
  • 工作单格式
  • 卡片格式
题名:
涂膜防水材料与应用
    
 
作者: 徐峰 , 陈彦岭 , 刘兰 编著
分册:  
出版信息: 北京   化学工业出版社  2007
页数: 811页
开本: 21cm
丛书名:
单 册:
中图分类: TU57
科图分类:
主题词: 建筑材料--防水材料 , 建筑材料 , 防水材料
电子资源:
ISBN: 7-5025-9210-5
000 00930nam0 2200277 450
001 012007123249
005 20070517141938.93
010    @a7-5025-9210-5@b精装@dCNY59.00
100    @a20070427d2007 km y0chiy0120 ea
101 0  @achi
102    @aCN@b110000
105    @ay z 000yy
106    @ar
200 1  @a涂膜防水材料与应用@Atu mo fang shui cai liao yu ying yong@f徐峰,陈彦岭,刘兰编著@Fxu feng,chen yan ling,liu lan bian zhu
210    @a北京@c化学工业出版社@d2007
215    @a811页@d21cm
330    @a本书根据我国建筑防水涂料的应用与发展状况,详细而系统地介绍了我国目前得到研究与应用的各种建筑防水涂料的生产与应用技术。
606 0  @a建筑材料@x防水材料
606 0  @a建筑材料
606 0  @a防水材料
690    @aTU57@v4
701  0 @a徐峰@Axu feng@f(1953~)@4编著
701  0 @a陈彦岭@Achen yan ling@4编著
701  0 @a刘兰@Aliu lan@c(建筑涂料)@4编著
801  0 @aCN@bRULIN@c20070517
905    @dTU57@e346@s10
    
    涂膜防水材料与应用/徐峰,陈彦岭,刘兰编著.-北京:化学工业出版社,2007
    811页;21cm
    
    
    ISBN 7-5025-9210-5(精装):CNY59.00
    本书根据我国建筑防水涂料的应用与发展状况,详细而系统地介绍了我国目前得到研究与应用的各种建筑防水涂料的生产与应用技术。
●
相关链接 在E读中查询图书 在五车中查询图书 在当当中查询图书 在豆瓣中查询图书


正题名:涂膜防水材料与应用     索取号:TU57/346         预约/预借

序号 登录号 条形码 馆藏地/架位号 状态 备注
1 0574469   205744694   第二样本阅览室/ [索取号:TU57/346] 在馆    
2 0574470   205744701   第三借阅区/ [索取号:TU57/346] 在馆    
3 0574471   205744710   第三借阅区/ [索取号:TU57/346] 在馆    
4 0574472   205744729   第三借阅区/ [索取号:TU57/346] 在馆    
5 0574473   205744438   第三借阅区/ [索取号:TU57/346] 在馆    
6 0574474   205744747   第三借阅区/ [索取号:TU57/346] 在馆    
7 0574475   205744756   第三借阅区/ [索取号:TU57/346] 在馆    
8 0574476   205744765   第三借阅区/ [索取号:TU57/346] 在馆    
9 0574477   205744774   第三借阅区/ [索取号:TU57/346] 在馆    
10 0574478   205744783   第三借阅区/ [索取号:TU57/346] 在馆    
唐山师范学院图书馆 欢迎您!
大连网信软件有限公司© 版权所有